| 000 | 00571nam a2200229Ia 4500 | ||
|---|---|---|---|
| 005 | 20250425161953.0 | ||
| 008 | 250425s9999 xx 000 0 und d | ||
| 041 | _aspa | ||
| 043 | _aec | ||
| 082 | _a332.112 | ||
| 100 | _aESPAE, ESPOL | ||
| 245 | 0 | _aNOTAS BIBLIOGRAFICAS PARA MONEDA, BANCA Y FINANZAS INTERNACIONALES | |
| 250 | _a1A ED. | ||
| 260 |
_aEcuador _bESPOL _c1993 |
||
| 260 | _aGUAYAQUIL | ||
| 300 | _a100 | ||
| 650 | _aFINANZAS INTERNACIONALES | ||
| 650 | _aMONEDA Y BANCA | ||
| 710 | _aACADEMY OF MANAGEMENT | ||
| 942 | _c01 | ||
| 010 | _a38070 | ||
| 999 |
_c219877 _d219877 |
||